<?xml version="1.0" encoding="UTF-8"?>
<record
    xmlns:xsi="http://www.w3.org/2001/XMLSchema-instance"
    xsi:schemaLocation="http://www.loc.gov/MARC21/slim http://www.loc.gov/standards/marcxml/schema/MARC21slim.xsd"
    xmlns="http://www.loc.gov/MARC21/slim">

  <leader>00451nam a2200157Ia 4500</leader>
  <controlfield tag="008">230718s9999    xx            000 0 und d</controlfield>
  <datafield tag="041" ind1=" " ind2=" ">
    <subfield code="a">eng</subfield>
  </datafield>
  <datafield tag="082" ind1=" " ind2=" ">
    <subfield code="a">621.384'5</subfield>
    <subfield code="b">MIS</subfield>
  </datafield>
  <datafield tag="100" ind1=" " ind2=" ">
    <subfield code="a">Misra I.S.</subfield>
    <subfield code="9">169925</subfield>
  </datafield>
  <datafield tag="245" ind1=" " ind2=" ">
    <subfield code="a">Wireless Communications And Networks</subfield>
    <subfield code="b">3G And Beyond</subfield>
  </datafield>
  <datafield tag="260" ind1=" " ind2=" ">
    <subfield code="c">2009</subfield>
    <subfield code="b">Tata Mc-Graw Hill</subfield>
  </datafield>
  <datafield tag="300" ind1=" " ind2=" ">
    <subfield code="a">390</subfield>
  </datafield>
  <datafield tag="365" ind1=" " ind2=" ">
    <subfield code="c">Rs.</subfield>
    <subfield code="b">325.00</subfield>
  </datafield>
  <datafield tag="700" ind1=" " ind2=" ">
    <subfield code="a">Misra I.S.</subfield>
    <subfield code="9">169925</subfield>
  </datafield>
  <datafield tag="906" ind1=" " ind2=" ">
    <subfield code="d">O:0021422-Aug-2009B:102622-Aug-2009</subfield>
    <subfield code="c">ME ETC</subfield>
    <subfield code="b">65</subfield>
  </datafield>
  <datafield tag="999" ind1=" " ind2=" ">
    <subfield code="c">322113</subfield>
    <subfield code="d">322113</subfield>
  </datafield>
  <datafield tag="952" ind1=" " ind2=" ">
    <subfield code="0">0</subfield>
    <subfield code="1">0</subfield>
    <subfield code="4">0</subfield>
    <subfield code="7">0</subfield>
    <subfield code="a">CCEP</subfield>
    <subfield code="b">CCEP</subfield>
    <subfield code="d">2009-08-22</subfield>
    <subfield code="e">Tbs</subfield>
    <subfield code="f">ME ETC</subfield>
    <subfield code="g">260.00</subfield>
    <subfield code="i">1026</subfield>
    <subfield code="l">0</subfield>
    <subfield code="o">621.384'5</subfield>
    <subfield code="p">CCEP-BK-33320</subfield>
    <subfield code="r">2023-07-18 00:00:00</subfield>
    <subfield code="t">65</subfield>
    <subfield code="v">325.00</subfield>
    <subfield code="w">2009-08-22</subfield>
    <subfield code="y">BK</subfield>
    <subfield code="z">033320</subfield>
  </datafield>
</record>
